Bioética ficta / (Registro nro. 549)

Detalles MARC
000 -LEADER
fixed length control field 00719 am a2200241 a 4500
005 - FECHA ULTIMA MODIFICACION
control field 20240614120851.0
008 - CAMPO DE CONTROL (LIBRO)
fixed length control field 100805s1993||||ag a f |||| 000 0 spa d
020 ## - INTERNATIONAL STANDARD BOOK NUMBER
ISBN S/N
041 ## - CODIGO DE IDIOMA
Código de idioma del texto/pista de sonido o título separado spa
092 ## - SIGNATURA TOPOGRAFICA DEWEY LOCAL
número de clasificación 174
libristica 51
sección MAI
100 1# - ENTRADA PRINCIPAL--NOMBRE PERSONAL
Nombre personal Mainetti, José Alberto.
9 (RLIN) 962
245 ## - TITULO PROPIAMENTE DICHO
Título Bioética ficta /
Mención de responsabilidad y remanente de la transcripción de la portada José Alberto Mainetti.
250 ## - MENCION DE EDICION
Mención de edición 1a ed.
260 ## - PIE DE IMPRENTA
Lugar de publicación, distribución, etc La Plata [Buenos Aires, Argentina]:
Nombre de la editorial, distribuidor, etc Quirón;
Fecha de publicación 1993.
300 ## - DESCRIPCION FISICA
Extension 115 p.
500 ## - NOTA GENERAL
Nota general Mainetti, J. A. (1993). Bioética ficta. (1a ed.). La Plata [Buenos Aires, Argentina] : Quirón.
653 ## - TÉRMINO INDIZADO - PALABRAS CLAVES
Palabra clave Crísis bioética
653 ## - TÉRMINO INDIZADO - PALABRAS CLAVES
Palabra clave Homo bioéthicus
653 ## - TÉRMINO INDIZADO - PALABRAS CLAVES
Palabra clave Bioficciones negativas
653 ## - TÉRMINO INDIZADO - PALABRAS CLAVES
Palabra clave Jano técnica
930 ## - NUMERO DE INVENTARIO
Número de inventario 1158
942 ## - ADDED ENTRY ELEMENTS (KOHA)
Source of classification or shelving scheme Dewey Decimal Classification
Item type Libros
Existencias
Estado de retiro Existencia Estado general No para prestamo Ubicación permanente ubicación actual Sala de ubicación Fecha de adquisición Total Checkouts Número de clasificación Código de barras Date last seen Número de ejemplar Price effective from Koha tipo de elemento (item)
        Biblioteca Medicina Biblioteca Medicina Circulación 13/05/2011   174 51 MAI 1158 06/11/2014 ej.1 13/05/2011 Libros

UNIVERSIDAD NACIONAL DEL COMAHUE
Biblioteca de la Facultad de Ciencias Médicas
Sede Toschi: Los Arrayanes y Av. Toschi, Cipolletti  - Rio Negro
Sede Los Tordos:  Yrigoyen al 2211, Cipolletti - Rio Negro 

Teléfono: 0299 - 4774707 int 25
Contacto: biblioteca@facimed.uncoma.edu.ar
© 2011 - 2026